Properties on Matter / (Record no. 6045)
[ view plain ]
| 000 -LEADER | |
|---|---|
| fixed length control field | 00643nam a2200253 a 4500 |
| 001 - CONTROL NUMBER | |
| JCCL Control Number | 6045 |
| 003 - CONTROL NUMBER IDENTIFIER | |
| JCCL marc code | BD-JhCC |
| 005 - DATE AND TIME OF LATEST TRANSACTION | |
| control field | 20180101125822.0 |
| 008 - FIXED-LENGTH DATA ELEMENTS--GENERAL INFORMATION | |
| fixed length control field | 180101s1980 ii |||| ||a| 000 0 eng d |
| 020 ## - INTERNATIONAL STANDARD BOOK NUMBER | |
| International Standard Book Number | 8121902800 |
| 035 ## - SYSTEM CONTROL NUMBER | |
| system control number | (BD-JhCC)6045 |
| 040 ## - CATALOGING SOURCE | |
| Original cataloging agency | BD-JhCC |
| Modifying agency | BD-JhCC |
| 041 ## - LANGUAGE CODE | |
| Language code of Book | eng |
| 082 ## - DEWEY DECIMAL CLASSIFICATION NUMBER | |
| Classification number | 530.41 |
| Author mark and Year | LAL 1980 |
| 100 ## - MAIN ENTRY--PERSONAL NAME | |
| Personal name | Lal, Brij |
| 245 ## - TITLE STATEMENT | |
| Title | Properties on Matter / |
| Statement of responsibility, etc | Brij Lal; N Subrahmanyam |
| 260 ## - PUBLICATION, DISTRIBUTION, ETC. (IMPRINT) | |
| Place of publication, distribution, etc | New Delhi : |
| Name of publisher, distributor, etc | Eurasia Publishing House, |
| Date of publication, distribution, etc | 1980. |
| 300 ## - PHYSICAL DESCRIPTION | |
| Pagination | 472 p. : |
| Dimensions | 19 cm. |
| 650 ## - SUBJECT ADDED ENTRY--TOPICAL TERM | |
| Topical term or geographic name as entry element | Physics |
| 650 ## - SUBJECT ADDED ENTRY--TOPICAL TERM | |
| Topical term or geographic name as entry element | Matter |
| General subdivision | Properties |
| 700 ## - ADDED ENTRY--PERSONAL NAME | |
| Personal name | Subrahmanyam, N. |
| 942 ## - ADDED ENTRY ELEMENTS (KOHA) | |
| Source of classification or shelving scheme | Dewey Decimal Classification |
| Koha item type | Books |
| Source of classification or shelving scheme | Damaged status | Not for loan | Home library | Current library | Shelving location | Date of accession | Total Checkouts | Full call number | Barcode | Date last seen | Copy number | Koha item type |
|---|---|---|---|---|---|---|---|---|---|---|---|---|
| Dewey Decimal Classification | JCC Rouf Library | JCC Rouf Library | General Stacks | 01/01/2017 | 530.41 LAL 1980 | 7712 | 01/01/2018 | C-1 | Books |